Airplane disaster quiz - Statistics

General Stats
  • This quiz has been taken 267 times
  • The average score is 6 of 16
Answer Stats
Question Answer % Correct
Which year happened the deadliest aviation disaster? 1977
63%
Which flight disappeared mysteriously over the Indian ocean (IATA airline code and flight number)? MH370
60%
Which airplane landed on the Hudson river in 2009? Airbus A320
52%
Which airline belonged the MD-11 involved in the deadliest MD-11 crash? Swissair
49%
Which airplane had the MCAS problem and was grounded? Boeing 737 MAX
48%
Which airline had a crash in 2015 where the pilot committed an suicide act killing 150 people? Germanwings
48%
Which airplane burnt out in Riyadh causing 301 deaths? Lockheed L-1011 TriStar
46%
Which Pan Am flight was bombed over Lockerbie? 103
43%
Which Air France plane stalled over the Atlantic in 2009? Airbus A330
42%
How many deaths were there in JAL123 flight which crashed near Tokyo? 520
38%
Which airplane crashed in Thailand after the reverser deployed inflight? Boeing 767
36%
Which airplane is known for blown out cargo doors? McDonnell Douglas DC-10
35%
How many deaths caused the deadliest mid air collision in aviation history? 349
31%
Which airplane was involved in Aeroflot disaster where the captain let his children in the cockpit? Airbus A310
26%
Which airplane had rudder problems causing 2 crashes and 1 incident? Boeing 737
20%
How many people survived the Delta Air Lines flight 191 crash? 29
11%
No matching quizzes found
Score Distribution
Percent of People with Each Score
Percentile by Number Answered
Your Score History
You have not taken this quiz